Physicians' desk reference/ (Record no. 116419)

MARC details
000 -LEADER
fixed length control field 01105nam a2200265 a 4500
008 - FIXED-LENGTH DATA ELEMENTS--GENERAL INFORMATION
fixed length control field
020 ## - INTERNATIONAL STANDARD BOOK NUMBER
International Standard Book Number 563631520 (hbk. )
049 ## - LOCAL HOLDINGS (OCLC)
Holding library MAIN
090 ## - LOCALLY ASSIGNED LC-TYPE CALL NUMBER (OCLC); LOCAL CALL NUMBER (RLIN)
Classification number (OCLC) (R) ; Classification number, CALL (RLIN) (NR) RS75
Local cutter number (OCLC) ; Book number/undivided call number, CALL (RLIN) PHY
003 - CONTROL NUMBER IDENTIFIER
control field
005 - DATE AND TIME OF LATEST TRANSACTION
control field 20230120204048.0
040 ## - CATALOGING SOURCE
Transcribing agency NUST
245 00 - TITLE STATEMENT
Title Physicians' desk reference/
Statement of responsibility, etc. edited by Ronald Arky.
250 ## - EDITION STATEMENT
Edition statement 50th edition.
260 ## - PUBLICATION, DISTRIBUTION, ETC.
Place of publication, distribution, etc. Oradell, N.J. :
Name of publisher, distributor, etc. Medical Economics Data Production Co. ,
Date of publication, distribution, etc. 1996
300 ## - PHYSICAL DESCRIPTION
Extent [various pagination], 2879 p. :
Other physical details ill. ;
Dimensions 28 cm.
650 #0 - SUBJECT ADDED ENTRY--TOPICAL TERM
Topical term or geographic name entry element Drugs
General subdivision Dictionaries
-- Periodicals.
775 1# - OTHER EDITION ENTRY
Title Physicians' desk reference (Compact disk ed.)
International Standard Serial Number 1046-2694
Record control number (DLC)sn 89006897.
780 00 - PRECEDING ENTRY
Title Physicians' desk reference to pharmaceutical specialties and biologicals.
787 1# - OTHER RELATIONSHIP ENTRY
Title Drug interactions and side effects index
International Standard Serial Number 1044-7083
Record control number (DLC) 88645872
-- (OCoLC)17887549.
787 1# - OTHER RELATIONSHIP ENTRY
Title Indications index
International Standard Serial Number 1060-4057
Record control number (OCoLC)22636891
-- (DLC) 91642367.
787 1# - OTHER RELATIONSHIP ENTRY
Title PDR guide to drug interactions, side effects, indications
Record control number (DLC) 93657497
-- (OCoLC)27345788.
907 ## - LOCAL DATA ELEMENT G, LDG (RLIN)
a .b10289823
b 09-02-12
c 21-01-11
942 ## - ADDED ENTRY ELEMENTS (KOHA)
Koha item type Ordinary Loan Books
Call number prefix RS75
Call number suffix PHY
Holdings
Date last seen Total Checkouts Full call number Barcode Cost, replacement price Price effective from Koha item type Lost status Source of classification or shelving scheme Damaged status Not for loan Collection Withdrawn status Home library Current library Shelving location Date acquired Cost, normal purchase price
01/20/2023   RS75 PHY 92004006841 80.00 01/20/2023 BOOKS   LCC     NFIC   Medical Medical GEN 01/20/2023 80.00